[Event "Hamburg HSK Easter op"]
[Site "Hamburg"]
[Date "2025.04.20"]
[Round "6"]
[White "Rudolph, Max"]
[Black "Kollath, Leno"]
[Result "1/2-1/2"]
[WhiteElo "1864"]
[BlackElo "1705"]
[PlyCount "48"]
[EventDate "2025.04.18"]
[EventType "swiss"]
[EventRounds "7"]
[EventCountry "GER"]
[SourceTitle "CB20_2025"]
[SourceDate "2025.05.14"]
[SourceVersion "1"]
[SourceVersionDate "2025.05.14"]
[SourceQuality "1"]

1. e4 e5 2. Nf3 Nc6 3. Bc4 Bc5 4. b4 Bxb4 5. c3 Ba5 6. d4 d6 7. Qb3 Qd7 8. 0-0 Bb6 9. Bb5 a6 10. Ba4 Ba5 11. Bxc6 Qxc6 12. dxe5 Be6 13. Nd4 Bxb3 14. Nxc6 bxc6 15. axb3 Bb6 16. Bf4 d5 17. Nd2 Ne7 18. Ra4 Ng6 19. Bg3 Kd7 20. Rd1 Ke6 21. exd5+ cxd5 22. Nf3 h6 23. Nd4+ Bxd4 24. cxd4 Rhb8 1/2-1/2